Statistics for The Legend of Zelda Majora's Mask Masks by Picture

Click here to take the quiz!

General Stats

  • This quiz has been taken 31 times
  • The average score is 15 of 24

Answer Stats

Answer% Correct
Goron Mask
100%
Great Fairy's Mask
100%
Zora Mask
100%
Deku Mask
96%
Bunny Hood
89%
Blast Mask
85%
Mask of Truth
74%
Stone Mask
70%
Postman's Hat
67%
Fierce Deity's Mask
63%
Keaton Mask
63%
Captain's Hat
59%
Giant's Mask
59%
Gibdo Mask
59%
Couple's Mask
52%
All-Night Mask
48%
Kafei's Mask
48%
Garo's Mask
44%
Bremen Mask
41%
Don Gero's Mask
41%
Circus/Troupe Leader's Mask
37%
Kamaro's Mask
37%
Mask of Scents
33%
Romani's Mask
33%

Score Distribution

Percentile by Number Answered

Percent of People with Each Score

Your Score History

You have not taken this quiz